[Event "World Chess Olympiad 2018"]
[Site "Batumi"]
[Date "2018.10.01"]
[Round "7"]
[Board "3"]
[WhiteFideId "1124668"]
[White "Tomczak Jacek"]
[BlackFideId "4650891"]
[Black "Naiditsch Arkadij"]
[Result "1/2-1/2"]
[LiveChessVersion "1.4.8"]
[BlackElo "2721"]
[WhiteElo "2614"]

1. e4 {[%clk 1:30:56]} c5 {[%clk 1:30:54]} 2. Nf3 {[%clk 1:31:18]} Nc6
{[%clk 1:31:18]} 3. d4 {[%clk 1:31:41]} cxd4 {[%clk 1:31:40]} 4. Nxd4
{[%clk 1:32:01]} e5 {[%clk 1:32:04]} 5. Nb5 {[%clk 1:32:10]} d6 {[%clk 1:32:25]}
6. N1c3 {[%clk 1:32:11]} a6 {[%clk 1:32:45]} 7. Na3 {[%clk 1:32:35]} b5
{[%clk 1:33:09]} 8. Nd5 {[%clk 1:32:55]} Nge7 {[%clk 1:33:31]} 9. Bd3
{[%clk 1:33:11]} Nd4 {[%clk 1:25:27]} 10. c3 {[%clk 1:28:55]} Nxd5
{[%clk 1:24:39]} 11. exd5 {[%clk 1:28:32]} Nf5 {[%clk 1:25:03]} 12. c4
{[%clk 1:27:56]} g6 {[%clk 1:22:53]} 13. cxb5 {[%clk 1:25:33]} Bg7
{[%clk 1:23:18]} 14. O-O {[%clk 1:25:35]} O-O {[%clk 1:23:41]} 15. Nc2
{[%clk 1:18:11]} e4 {[%clk 0:59:10]} 16. Bxe4 {[%clk 1:14:44]} axb5
{[%clk 0:56:23]} 17. a3 {[%clk 1:13:58]} Re8 {[%clk 0:45:25]} 18. Bd3
{[%clk 1:13:06]} Bd7 {[%clk 0:38:41]} 19. Rb1 {[%clk 1:02:35]} Qh4
{[%clk 0:39:05]} 20. Qd2 {[%clk 1:00:49]} Nd4 {[%clk 0:32:20]} 21. b3
{[%clk 0:42:59]} Nxc2 {[%clk 0:26:18]} 22. Bxc2 {[%clk 0:41:48]} Rac8
{[%clk 0:26:34]} 23. Bb2 {[%clk 0:32:00]} Bxb2 {[%clk 0:25:55]} 24. Rxb2
{[%clk 0:32:20]} Qf6 {[%clk 0:26:12]} 25. Bd1 {[%clk 0:30:36]} Bf5
{[%clk 0:25:22]} 26. Be2 {[%clk 0:25:50]} Rc5 {[%clk 0:17:37]} 27. b4
{[%clk 0:24:06]} Rxd5 {[%clk 0:16:44]} 28. Qxd5 {[%clk 0:24:31]} Qxb2
{[%clk 0:17:10]} 29. Bd3 {[%clk 0:22:18]} Bxd3 {[%clk 0:11:40]} 30. Qxd3
{[%clk 0:22:42]} Ra8 {[%clk 0:11:33]} 31. Qxd6 {[%clk 0:22:08]} 1/2-1/2

[Event "World Chess Olympiad 2018"]
[Site "Batumi"]
[Date "2018.10.01"]
[Round "7"]
[Board "4"]
[WhiteFideId "13402129"]
[White "Safarli Eltaj"]
[BlackFideId "1134167"]
[Black "Dragun Kamil"]
[Result "1/2-1/2"]
[LiveChessVersion "1.4.8"]
[BlackElo "2568"]
[WhiteElo "2676"]

1. e4 {[%clk 1:30:58]} c6 {[%clk 1:30:52]} 2. Nf3 {[%clk 1:31:15]} d5
{[%clk 1:31:05]} 3. exd5 {[%clk 1:31:29]} cxd5 {[%clk 1:31:26]} 4. Ne5
{[%clk 1:31:55]} Nf6 {[%clk 1:31:34]} 5. d4 {[%clk 1:32:01]} g6 {[%clk 1:31:26]}
6. Nd2 {[%clk 1:26:19]} Bg7 {[%clk 1:30:48]} 7. Ndf3 {[%clk 1:26:45]} O-O
{[%clk 1:30:10]} 8. Be2 {[%clk 1:27:11]} Nfd7 {[%clk 1:27:20]} 9. Nd3
{[%clk 1:21:13]} Nc6 {[%clk 1:26:08]} 10. c3 {[%clk 1:21:38]} e5 {[%clk 1:11:21]}
11. dxe5 {[%clk 1:21:06]} Ndxe5 {[%clk 1:11:27]} 12. Ndxe5 {[%clk 1:18:30]} Nxe5
{[%clk 1:10:35]} 13. O-O {[%clk 1:16:51]} Nxf3+ {[%clk 1:04:40]} 14. Bxf3
{[%clk 1:17:13]} d4 {[%clk 1:05:07]} 15. cxd4 {[%clk 1:15:06]} Qxd4
{[%clk 1:05:12]} 16. Qxd4 {[%clk 1:13:11]} Bxd4 {[%clk 1:02:58]} 17. Rd1
{[%clk 0:55:26]} Bf6 {[%clk 1:02:54]} 18. Be3 {[%clk 0:50:49]} Be6
{[%clk 0:48:52]} 19. Bd4 {[%clk 0:47:45]} Bxd4 {[%clk 0:38:25]} 20. Rxd4
{[%clk 0:48:13]} Rfd8 {[%clk 0:38:44]} 21. Bxb7 {[%clk 0:34:21]} Rxd4
{[%clk 0:37:58]} 22. Bxa8 {[%clk 0:34:47]} a5 {[%clk 0:35:19]} 23. b3
{[%clk 0:30:52]} a4 {[%clk 0:34:47]} 24. bxa4 {[%clk 0:29:57]} Rxa4
{[%clk 0:34:40]} 25. Bc6 {[%clk 0:30:08]} Rxa2 {[%clk 0:35:05]} 26. Rxa2
{[%clk 0:30:35]} Bxa2 {[%clk 0:35:29]} 27. f4 {[%clk 0:30:59]} Kg7
{[%clk 0:35:55]} 28. Kf2 {[%clk 0:31:25]} h6 {[%clk 0:36:10]} 29. h4
{[%clk 0:31:48]} Kf6 {[%clk 0:36:31]} 30. g3 {[%clk 0:32:12]} Be6
{[%clk 0:36:56]} 31. Ke3 {[%clk 0:32:38]} Bb3 {[%clk 0:37:01]} 1/2-1/2

[Event "World Chess Olympiad 2018"]
[Site "Batumi"]
[Date "2018.10.01"]
[Round "7"]
[Board "1"]
[WhiteFideId "14508150"]
[White "Saric Ivan"]
[BlackFideId "2020009"]
[Black "Caruana Fabiano"]
[Result "1/2-1/2"]
[LiveChessVersion "1.4.8"]
[BlackElo "2827"]
[WhiteElo "2689"]

1. e4 {[%clk 1:30:58]} e5 {[%clk 1:30:56]} 2. Nf3 {[%clk 1:31:23]} Nc6
{[%clk 1:31:22]} 3. Bb5 {[%clk 1:31:34]} Nf6 {[%clk 1:31:45]} 4. d3
{[%clk 1:31:47]} Bc5 {[%clk 1:32:07]} 5. Bxc6 {[%clk 1:30:23]} dxc6
{[%clk 1:32:31]} 6. Nbd2 {[%clk 1:30:42]} Be6 {[%clk 1:32:38]} 7. O-O
{[%clk 1:31:03]} Nd7 {[%clk 1:32:09]} 8. Nb3 {[%clk 1:30:50]} Bb6
{[%clk 1:31:47]} 9. Ng5 {[%clk 1:30:59]} Bxb3 {[%clk 1:31:34]} 10. axb3
{[%clk 1:31:24]} f6 {[%clk 1:31:07]} 11. Nf3 {[%clk 1:31:23]} Nf8
{[%clk 1:31:11]} 12. Nd2 {[%clk 1:31:07]} Qd7 {[%clk 1:27:51]} 13. Nc4
{[%clk 1:29:49]} Ne6 {[%clk 1:27:47]} 14. Kh1 {[%clk 1:26:30]} O-O
{[%clk 1:19:26]} 15. Qg4 {[%clk 1:24:29]} Qf7 {[%clk 1:11:58]} 16. Be3
{[%clk 1:21:21]} Bd4 {[%clk 1:02:43]} 17. b4 {[%clk 1:14:08]} a6 {[%clk 0:59:48]}
18. Rad1 {[%clk 1:12:16]} Rfd8 {[%clk 0:47:12]} 19. c3 {[%clk 1:11:04]} Bxe3
{[%clk 0:46:37]} 20. fxe3 {[%clk 1:10:52]} Qe7 {[%clk 0:46:51]} 21. d4
{[%clk 1:10:21]} Nf8 {[%clk 0:38:24]} 22. Na5 {[%clk 0:57:19]} Rab8
{[%clk 0:36:35]} 23. h3 {[%clk 0:51:02]} Qe6 {[%clk 0:33:49]} 24. Qxe6+
{[%clk 0:49:52]} Nxe6 {[%clk 0:34:12]} 25. h4 {[%clk 0:50:21]} Nf8
{[%clk 0:22:47]} 26. d5 {[%clk 0:48:48]} cxd5 {[%clk 0:23:13]} 27. exd5
{[%clk 0:49:13]} Ng6 {[%clk 0:23:36]} 28. h5 {[%clk 0:47:34]} Ne7
{[%clk 0:24:02]} 29. e4 {[%clk 0:46:49]} f5 {[%clk 0:20:30]} 30. exf5
{[%clk 0:44:16]} Nxd5 {[%clk 0:19:22]} 31. Rfe1 {[%clk 0:41:51]} Nf6
{[%clk 0:17:45]} 32. Kg1 {[%clk 0:31:28]} Kf7 {[%clk 0:09:54]} 33. Rxd8
{[%clk 0:26:02]} Rxd8 {[%clk 0:10:20]} 34. Nxb7 {[%clk 0:26:28]} Rd2
{[%clk 0:10:43]} 35. Rxe5 {[%clk 0:22:43]} Ng4 {[%clk 0:09:17]} 36. Re1
{[%clk 0:23:11]} Rxb2 {[%clk 0:09:40]} 37. Nc5 {[%clk 0:23:26]} Rc2
{[%clk 0:07:47]} 38. Ne4 {[%clk 0:23:28]} h6 {[%clk 0:07:49]} 39. Rd1
{[%clk 0:16:43]} Ke7 {[%clk 0:06:54]} 40. g3 {[%clk 0:43:25]} Nf6
{[%clk 0:32:53]} 41. Rd4 {[%clk 0:41:31]} Nxe4 {[%clk 0:30:32]} 42. Rxe4+
{[%clk 0:41:55]} Kf6 {[%clk 0:30:59]} 43. Rc4 {[%clk 0:40:51]} Kxf5
{[%clk 0:31:16]} 44. Kf1 {[%clk 0:35:50]} Kg5 {[%clk 0:30:29]} 45. g4
{[%clk 0:35:48]} Kh4 {[%clk 0:22:28]} 46. Ke1 {[%clk 0:23:50]} Ra2
{[%clk 0:20:32]} 47. Rxc7 {[%clk 0:20:39]} Kxg4 {[%clk 0:20:41]} 48. Rxg7+
{[%clk 0:21:06]} Kxh5 {[%clk 0:21:02]} 49. c4 {[%clk 0:16:36]} Ra4
{[%clk 0:19:28]} 50. Rb7 {[%clk 0:16:32]} a5 {[%clk 0:19:26]} 51. bxa5
{[%clk 0:15:55]} Rxc4 {[%clk 0:19:50]} 52. a6 {[%clk 0:16:19]} Ra4
{[%clk 0:20:15]} 53. a7 {[%clk 0:16:46]} Kg6 {[%clk 0:20:32]} 54. Kf2
{[%clk 0:16:44]} 1/2-1/2

[Event "World Chess Olympiad 2018"]
[Site "Batumi"]
[Date "2018.10.01"]
[Round "7"]
[Board "4"]
[WhiteFideId "2004887"]
[White "Shankland Samuel"]
[BlackFideId "14506688"]
[Black "Brkic Ante"]
[Result "1-0"]
[LiveChessVersion "1.4.8"]
[BlackElo "2565"]
[WhiteElo "2722"]

1. e4 {[%clk 1:30:53]} c5 {[%clk 1:30:40]} 2. Nf3 {[%clk 1:31:18]} d6
{[%clk 1:31:06]} 3. Bb5+ {[%clk 1:31:39]} Nd7 {[%clk 1:27:29]} 4. d4
{[%clk 1:32:02]} Ngf6 {[%clk 1:26:57]} 5. Nc3 {[%clk 1:32:27]} cxd4
{[%clk 1:24:30]} 6. Qxd4 {[%clk 1:32:52]} e5 {[%clk 1:23:12]} 7. Qd3
{[%clk 1:31:26]} h6 {[%clk 1:23:35]} 8. a4 {[%clk 1:31:51]} a6 {[%clk 1:17:04]}
9. Bc4 {[%clk 1:32:16]} Nc5 {[%clk 1:17:12]} 10. Qe2 {[%clk 1:32:41]} Bg4
{[%clk 1:11:11]} 11. h3 {[%clk 1:24:26]} Bh5 {[%clk 1:11:01]} 12. O-O
{[%clk 1:24:14]} Be7 {[%clk 1:03:10]} 13. g4 {[%clk 1:18:15]} Bg6
{[%clk 1:01:39]} 14. Nh4 {[%clk 1:18:38]} Bh7 {[%clk 0:38:42]} 15. Nf5
{[%clk 1:18:47]} O-O {[%clk 0:26:54]} 16. Rd1 {[%clk 1:15:56]} Rc8
{[%clk 0:25:08]} 17. a5 {[%clk 1:12:02]} Ne6 {[%clk 0:15:08]} 18. Be3
{[%clk 1:12:09]} Bxf5 {[%clk 0:13:45]} 19. gxf5 {[%clk 1:12:02]} Nf4
{[%clk 0:11:03]} 20. Bxf4 {[%clk 1:09:40]} exf4 {[%clk 0:11:32]} 21. e5
{[%clk 0:58:56]} f3 {[%clk 0:11:55]} 22. Qf1 {[%clk 0:59:23]} Ne8
{[%clk 0:04:24]} 23. Bd5 {[%clk 0:59:39]} Rc5 {[%clk 0:03:09]} 24. Ne4
{[%clk 0:58:20]} Rxa5 {[%clk 0:03:03]} 25. f6 {[%clk 0:57:22]} gxf6
{[%clk 0:02:13]} 26. exd6 {[%clk 0:56:45]} Nxd6 {[%clk 0:02:05]} 27. Rxa5
{[%clk 0:57:10]} Qxa5 {[%clk 0:02:21]} 28. Nxd6 {[%clk 0:57:36]} Bxd6
{[%clk 0:02:49]} 29. Qd3 {[%clk 0:58:01]} Kg7 {[%clk 0:01:22]} 30. Qxf3
{[%clk 0:53:17]} Re8 {[%clk 0:01:33]} 31. Qg4+ {[%clk 0:47:42]} Kf8
{[%clk 0:01:56]} 32. Qh5 {[%clk 0:48:04]} Qc7 {[%clk 0:01:56]} 33. Qxh6+
{[%clk 0:46:47]} Ke7 {[%clk 0:02:25]} 34. Qh7 {[%clk 0:45:14]} Kd8
{[%clk 0:01:28]} 35. Bxb7 {[%clk 0:42:19]} Qxb7 {[%clk 0:00:44]} 36. Rxd6+
{[%clk 0:42:43]} Ke7 {[%clk 0:01:11]} 37. Rd3 {[%clk 0:42:06]} Qc6
{[%clk 0:00:42]} 38. Re3+ {[%clk 0:42:02]} Kd8 {[%clk 0:00:38]} 39. Qd3+
{[%clk 0:42:26]} Kc7 {[%clk 0:00:56]} 40. Rxe8 {[%clk 1:12:51]} Qxe8
{[%clk 0:31:23]} 41. Qxa6 {[%clk 1:13:08]} 1-0

[Event "World Chess Olympiad 2018"]
[Site "Batumi"]
[Date "2018.10.01"]
[Round "7"]
[Board "1"]
[WhiteFideId "14100010"]
[White "Ivanchuk Vassily"]
[BlackFideId "8603820"]
[Black "Yu Yangyi"]
[Result "1/2-1/2"]
[LiveChessVersion "1.4.8"]
[BlackElo "2765"]
[WhiteElo "2710"]

1. d4 {[%clk 1:30:49]} Nf6 {[%clk 1:30:48]} 2. c4 {[%clk 1:31:14]} e6
{[%clk 1:31:07]} 3. Nf3 {[%clk 1:31:38]} d5 {[%clk 1:31:25]} 4. Nc3
{[%clk 1:32:04]} Be7 {[%clk 1:30:58]} 5. Bg5 {[%clk 1:32:23]} h6 {[%clk 1:30:36]}
6. Bh4 {[%clk 1:32:06]} O-O {[%clk 1:30:19]} 7. e3 {[%clk 1:32:33]} Nbd7
{[%clk 1:30:37]} 8. Rc1 {[%clk 1:32:29]} c5 {[%clk 1:29:39]} 9. dxc5
{[%clk 1:32:35]} Nxc5 {[%clk 1:28:07]} 10. cxd5 {[%clk 1:25:14]} g5
{[%clk 1:27:29]} 11. Bg3 {[%clk 1:25:40]} Nxd5 {[%clk 1:27:45]} 12. Nxd5
{[%clk 1:26:09]} Qxd5 {[%clk 1:27:22]} 13. Qxd5 {[%clk 1:23:37]} exd5
{[%clk 1:27:43]} 14. Nd4 {[%clk 1:23:24]} Bd7 {[%clk 1:25:47]} 15. Be2
{[%clk 1:13:07]} Rac8 {[%clk 1:22:52]} 16. O-O {[%clk 1:13:32]} Ne4
{[%clk 1:13:57]} 17. Rfd1 {[%clk 1:13:57]} Nxg3 {[%clk 1:07:58]} 18. hxg3
{[%clk 1:14:23]} Bf6 {[%clk 1:08:17]} 19. Bf3 {[%clk 1:09:50]} Be6
{[%clk 1:03:53]} 20. Nxe6 {[%clk 0:58:32]} fxe6 {[%clk 1:04:15]} 21. Bg4
{[%clk 0:58:59]} Kf7 {[%clk 1:04:23]} 22. Rxc8 {[%clk 0:59:18]} Rxc8
{[%clk 1:04:48]} 23. Rxd5 {[%clk 0:59:46]} Rc1+ {[%clk 1:04:59]} 24. Rd1
{[%clk 1:00:12]} Bxb2 {[%clk 1:05:17]} 25. Rxc1 {[%clk 1:00:32]} Bxc1
{[%clk 1:05:42]} 26. Kf1 {[%clk 1:00:51]} Ke7 {[%clk 1:05:24]} 27. Ke2
{[%clk 1:01:14]} Kd6 {[%clk 1:05:50]} 28. Kd3 {[%clk 1:01:30]} b5
{[%clk 1:05:26]} 29. Bh5 {[%clk 1:01:26]} Bb2 {[%clk 1:05:41]} 30. Be8
{[%clk 1:01:39]} a6 {[%clk 1:06:06]} 31. g4 {[%clk 1:01:55]} 1/2-1/2

[Event "World Chess Olympiad 2018"]
[Site "Batumi"]
[Date "2018.10.01"]
[Round "7"]
[Board "3"]
[WhiteFideId "14103320"]
[White "Ponomariov Ruslan"]
[BlackFideId "8601445"]
[Black "Bu Xiangzhi"]
[Result "1/2-1/2"]
[LiveChessVersion "1.4.8"]
[BlackElo "2712"]
[WhiteElo "2681"]

1. e4 {[%clk 1:30:57]} e5 {[%clk 1:30:33]} 2. Nf3 {[%clk 1:31:17]} Nf6
{[%clk 1:30:40]} 3. Nxe5 {[%clk 1:31:33]} d6 {[%clk 1:31:07]} 4. Nf3
{[%clk 1:31:53]} Nxe4 {[%clk 1:31:33]} 5. Qe2 {[%clk 1:32:04]} Qe7
{[%clk 1:31:53]} 6. d3 {[%clk 1:32:15]} Nf6 {[%clk 1:31:17]} 7. Bg5
{[%clk 1:31:31]} Qxe2+ {[%clk 1:30:30]} 8. Bxe2 {[%clk 1:31:55]} Be7
{[%clk 1:30:57]} 9. Nc3 {[%clk 1:31:32]} c6 {[%clk 1:30:58]} 10. O-O-O
{[%clk 1:31:16]} h6 {[%clk 1:29:03]} 11. Bd2 {[%clk 1:28:43]} Na6
{[%clk 1:26:38]} 12. Rde1 {[%clk 1:26:36]} Nc7 {[%clk 1:17:16]} 13. Bd1
{[%clk 1:23:59]} Bd7 {[%clk 1:15:43]} 14. h3 {[%clk 1:18:41]} Ne6
{[%clk 1:08:44]} 15. Nh4 {[%clk 1:14:53]} O-O-O {[%clk 1:07:46]} 16. f4
{[%clk 1:12:55]} Rhe8 {[%clk 1:04:32]} 17. Nf3 {[%clk 1:05:49]} Bf8
{[%clk 0:54:37]} 18. g4 {[%clk 1:00:03]} Nc7 {[%clk 0:54:32]} 19. f5
{[%clk 0:57:24]} Rxe1 {[%clk 0:52:00]} 20. Rxe1 {[%clk 0:57:27]} Re8
{[%clk 0:52:23]} 21. Ne4 {[%clk 0:57:10]} Nxe4 {[%clk 0:46:06]} 22. dxe4
{[%clk 0:56:56]} g6 {[%clk 0:45:17]} 23. c4 {[%clk 0:38:06]} d5 {[%clk 0:44:54]}
24. exd5 {[%clk 0:37:04]} Rxe1 {[%clk 0:45:03]} 25. Bxe1 {[%clk 0:38:00]} cxd5
{[%clk 0:45:49]} 26. fxg6 {[%clk 0:37:44]} fxg6 {[%clk 0:46:13]} 27. Ne5
{[%clk 0:37:59]} Be8 {[%clk 0:36:13]} 28. Bc2 {[%clk 0:35:53]} g5
{[%clk 0:36:20]} 29. Bf5+ {[%clk 0:34:58]} Kd8 {[%clk 0:33:53]} 30. Bg3
{[%clk 0:29:58]} dxc4 {[%clk 0:24:48]} 31. Nxc4 {[%clk 0:29:58]} Bc6
{[%clk 0:25:00]} 32. Kd2 {[%clk 0:27:10]} Bg2 {[%clk 0:21:43]} 33. h4
{[%clk 0:26:50]} gxh4 {[%clk 0:22:03]} 34. Bxh4+ {[%clk 0:27:17]} Be7
{[%clk 0:22:30]} 35. Bg3 {[%clk 0:22:43]} Bg5+ {[%clk 0:21:41]} 36. Ke2
{[%clk 0:22:50]} Bd5 {[%clk 0:20:44]} 37. b3 {[%clk 0:22:18]} Ne6
{[%clk 0:17:55]} 38. Be5 {[%clk 0:21:00]} Ke7 {[%clk 0:17:16]} 39. Bd6+
{[%clk 0:50:25]} Kf6 {[%clk 0:47:30]} 40. Be5+ {[%clk 0:50:49]} Ke7
{[%clk 0:47:58]} 41. Bd6+ {[%clk 0:50:39]} Kf6 {[%clk 0:48:22]} 42. Be5+
{[%clk 0:51:04]} Ke7 1/2-1/2

[Event "World Chess Olympiad 2018"]
[Site "Batumi"]
[Date "2018.10.01"]
[Round "7"]
[Board "4"]
[WhiteFideId "8604436"]
[White "Li Chao b"]
[BlackFideId "14105730"]
[Black "Korobov Anton"]
[Result "1/2-1/2"]
[LiveChessVersion "1.4.8"]
[BlackElo "2685"]
[WhiteElo "2708"]

1. e4 {[%clk 1:30:50]} c5 {[%clk 1:30:53]} 2. Nc3 {[%clk 1:31:10]} d6
{[%clk 1:30:48]} 3. Nge2 {[%clk 1:31:32]} Nf6 {[%clk 1:30:53]} 4. d4
{[%clk 1:31:56]} cxd4 {[%clk 1:31:06]} 5. Nxd4 {[%clk 1:32:20]} a6
{[%clk 1:31:30]} 6. h3 {[%clk 1:32:44]} Nc6 {[%clk 1:31:36]} 7. g4
{[%clk 1:32:39]} Qb6 {[%clk 1:31:47]} 8. Nb3 {[%clk 1:30:10]} e6 {[%clk 1:32:06]}
9. Bg2 {[%clk 1:23:52]} Qc7 {[%clk 1:27:16]} 10. f4 {[%clk 1:18:01]} b5
{[%clk 1:23:44]} 11. Be3 {[%clk 1:17:39]} Be7 {[%clk 1:20:54]} 12. Qd2
{[%clk 1:17:25]} Nd7 {[%clk 1:15:10]} 13. Qf2 {[%clk 1:16:00]} Rb8
{[%clk 1:13:52]} 14. O-O {[%clk 1:14:29]} O-O {[%clk 1:10:34]} 15. Rae1
{[%clk 1:00:47]} Nb6 {[%clk 1:01:46]} 16. Nd5 {[%clk 0:54:23]} exd5
{[%clk 1:01:04]} 17. exd5 {[%clk 0:54:48]} Ne5 {[%clk 0:44:05]} 18. fxe5
{[%clk 0:52:54]} dxe5 {[%clk 0:44:33]} 19. Bc5 {[%clk 0:48:32]} Nc4
{[%clk 0:28:35]} 20. Bxe7 {[%clk 0:44:32]} Qxe7 {[%clk 0:29:03]} 21. Nd4
{[%clk 0:40:12]} Bd7 {[%clk 0:25:09]} 22. b3 {[%clk 0:40:21]} Na5
{[%clk 0:24:09]} 23. Nf5 {[%clk 0:29:25]} Bxf5 {[%clk 0:23:15]} 24. Qxf5
{[%clk 0:27:55]} Rbe8 {[%clk 0:22:15]} 25. Be4 {[%clk 0:20:52]} Qh4
{[%clk 0:17:11]} 26. d6 {[%clk 0:18:16]} Re6 {[%clk 0:13:41]} 27. Rd1
{[%clk 0:14:40]} g6 {[%clk 0:09:41]} 28. Qf3 {[%clk 0:14:14]} Qd8
{[%clk 0:09:56]} 29. d7 {[%clk 0:10:59]} Re7 {[%clk 0:10:22]} 30. Qd3
{[%clk 0:06:32]} Qb6+ {[%clk 0:10:45]} 31. Rf2 {[%clk 0:06:40]} Rd8
{[%clk 0:10:38]} 32. Qd6 {[%clk 0:05:30]} Qxd6 {[%clk 0:10:06]} 33. Rxd6
{[%clk 0:05:58]} Rexd7 {[%clk 0:10:09]} 34. Rxa6 {[%clk 0:05:53]} Nb7
{[%clk 0:10:29]} 35. Bc6 {[%clk 0:05:28]} Rd1+ {[%clk 0:10:16]} 36. Kg2
{[%clk 0:05:54]} Nd6 {[%clk 0:07:33]} 37. a4 {[%clk 0:03:06]} bxa4
{[%clk 0:07:43]} 38. Rxa4 {[%clk 0:03:26]} f5 {[%clk 0:06:26]} 39. c4
{[%clk 0:02:39]} e4 {[%clk 0:04:57]} 40. c5 {[%clk 0:32:28]} Rc8 {[%clk 0:31:36]}
41. Ra8 {[%clk 0:29:57]} Kg7 {[%clk 0:25:56]} 42. Rxc8 {[%clk 0:06:15]} Nxc8
{[%clk 0:26:15]} 43. gxf5 {[%clk 0:06:41]} gxf5 {[%clk 0:26:14]} 44. b4
{[%clk 0:06:00]} Ne7 {[%clk 0:25:32]} 45. Be8 {[%clk 0:05:55]} Rc1
{[%clk 0:20:47]} 46. Rb2 {[%clk 0:05:05]} Kf6 {[%clk 0:19:51]} 47. Bd7
{[%clk 0:04:55]} f4 {[%clk 0:16:08]} 48. b5 {[%clk 0:04:16]} f3+ {[%clk 0:13:08]}
49. Kg3 {[%clk 0:04:31]} Ke5 {[%clk 0:09:59]} 50. b6 {[%clk 0:03:52]} Rg1+
{[%clk 0:10:24]} 51. Kh2 {[%clk 0:03:36]} Rg8 {[%clk 0:10:52]} 52. Bg4
{[%clk 0:02:18]} Kd5 {[%clk 0:09:21]} 53. b7 {[%clk 0:02:21]} Nc6
{[%clk 0:08:18]} 54. Rc2 {[%clk 0:01:28]} Rb8 {[%clk 0:06:58]} 55. Bc8
{[%clk 0:01:03]} Ne7 {[%clk 0:05:31]} 56. Rd2+ {[%clk 0:01:21]} Kc6
{[%clk 0:04:38]} 57. Rd6+ {[%clk 0:01:31]} Kxc5 {[%clk 0:05:02]} 58. Re6
{[%clk 0:00:47]} Nxc8 {[%clk 0:05:09]} 59. bxc8=Q+ {[%clk 0:01:10]} Rxc8
{[%clk 0:05:35]} 60. Rxe4 {[%clk 0:01:38]} 1/2-1/2

[Event "World Chess Olympiad 2018"]
[Site "Batumi"]
[Date "2018.10.01"]
[Round "7"]
[Board "1"]
[WhiteFideId "1202758"]
[White "Nisipeanu Liviu-Dieter"]
[BlackFideId "24116068"]
[Black "Giri Anish"]
[Result "1/2-1/2"]
[LiveChessVersion "1.4.8"]
[BlackElo "2780"]
[WhiteElo "2661"]

1. e4 {[%clk 1:30:57]} c5 {[%clk 1:30:46]} 2. Nf3 {[%clk 1:31:21]} d6
{[%clk 1:31:13]} 3. d4 {[%clk 1:31:45]} cxd4 {[%clk 1:31:40]} 4. Nxd4
{[%clk 1:32:09]} Nf6 {[%clk 1:32:06]} 5. Nc3 {[%clk 1:32:33]} a6 {[%clk 1:32:33]}
6. Be3 {[%clk 1:32:58]} e5 {[%clk 1:32:42]} 7. Nf3 {[%clk 1:33:12]} Be7
{[%clk 1:33:08]} 8. Bc4 {[%clk 1:33:37]} O-O {[%clk 1:33:31]} 9. O-O
{[%clk 1:34:04]} Nc6 {[%clk 1:33:54]} 10. Re1 {[%clk 1:34:29]} Be6
{[%clk 1:32:01]} 11. Bb3 {[%clk 1:34:15]} Na5 {[%clk 1:26:53]} 12. Bg5
{[%clk 1:34:33]} Nxb3 {[%clk 1:26:01]} 13. axb3 {[%clk 1:34:57]} Rc8
{[%clk 1:24:16]} 14. Bxf6 {[%clk 1:21:27]} Bxf6 {[%clk 1:24:41]} 15. Re3
{[%clk 1:18:59]} Be7 {[%clk 1:11:44]} 16. Rd3 {[%clk 1:10:46]} Qe8
{[%clk 1:10:59]} 17. Nd5 {[%clk 1:09:08]} Rc6 {[%clk 0:57:28]} 18. Nd2
{[%clk 0:59:45]} f5 {[%clk 0:56:57]} 19. f3 {[%clk 0:59:56]} g6 {[%clk 0:49:04]}
20. Nc4 {[%clk 0:50:24]} Bd8 {[%clk 0:45:24]} 21. c3 {[%clk 0:44:04]} b5
{[%clk 0:41:48]} 22. Nce3 {[%clk 0:36:51]} a5 {[%clk 0:41:29]} 23. b4
{[%clk 0:34:45]} a4 {[%clk 0:41:04]} 24. Qe2 {[%clk 0:32:10]} Bb6
{[%clk 0:25:22]} 25. Nxb6 {[%clk 0:31:52]} Rxb6 {[%clk 0:25:44]} 26. exf5
{[%clk 0:28:19]} gxf5 {[%clk 0:25:37]} 27. Nd5 {[%clk 0:28:38]} Rb7
{[%clk 0:20:41]} 28. f4 {[%clk 0:28:34]} Qc6 {[%clk 0:19:03]} 29. Rad1
{[%clk 0:27:41]} Qc4 {[%clk 0:19:11]} 30. Rg3+ {[%clk 0:17:54]} Kh8
{[%clk 0:19:28]} 31. Qd2 {[%clk 0:12:51]} Rbf7 {[%clk 0:16:23]} 1/2-1/2

[Event "World Chess Olympiad 2018"]
[Site "Batumi"]
[Date "2018.10.01"]
[Round "7"]
[Board "2"]
[WhiteFideId "1007998"]
[White "L'Ami Erwin"]
[BlackFideId "4675789"]
[Black "Meier Georg"]
[Result "1/2-1/2"]
[LiveChessVersion "1.4.8"]
[BlackElo "2639"]
[WhiteElo "2639"]

1. c4 {[%clk 1:30:55]} Nf6 {[%clk 1:24:49]} 2. Nc3 {[%clk 1:30:53]} c5
{[%clk 1:24:57]} 3. Nf3 {[%clk 1:30:00]} e6 {[%clk 1:24:16]} 4. g3
{[%clk 1:25:41]} b6 {[%clk 1:22:32]} 5. Bg2 {[%clk 1:25:24]} Bb7 {[%clk 1:22:54]}
6. O-O {[%clk 1:25:22]} Be7 {[%clk 1:23:15]} 7. d4 {[%clk 1:20:03]} cxd4
{[%clk 1:23:36]} 8. Nxd4 {[%clk 1:19:37]} Bxg2 {[%clk 1:23:42]} 9. Kxg2
{[%clk 1:20:00]} Qc8 {[%clk 1:20:54]} 10. Qd3 {[%clk 1:15:26]} Nc6
{[%clk 1:19:59]} 11. b3 {[%clk 1:14:27]} O-O {[%clk 1:15:03]} 12. Bb2
{[%clk 1:12:12]} Ne5 {[%clk 1:12:57]} 13. Qe3 {[%clk 1:07:52]} Neg4
{[%clk 1:09:46]} 14. Qf3 {[%clk 1:02:28]} Ne5 {[%clk 1:10:05]} 15. Qf4
{[%clk 0:57:09]} Qb7+ {[%clk 1:06:06]} 16. Nf3 {[%clk 0:52:23]} d6
{[%clk 1:02:36]} 17. Kg1 {[%clk 0:49:23]} Nxf3+ {[%clk 0:46:48]} 18. Qxf3
{[%clk 0:44:14]} Qxf3 {[%clk 0:40:40]} 19. exf3 {[%clk 0:44:36]} Rfc8
{[%clk 0:34:23]} 20. Ba3 {[%clk 0:37:55]} a6 {[%clk 0:30:18]} 21. Rfd1
{[%clk 0:33:17]} Rc6 {[%clk 0:30:24]} 22. Rd3 {[%clk 0:29:06]} Kf8
{[%clk 0:28:54]} 23. Ne4 {[%clk 0:20:51]} Ne8 {[%clk 0:22:05]} 24. Rad1
{[%clk 0:20:03]} Rd8 {[%clk 0:21:48]} 25. Nc3 {[%clk 0:18:59]} Rb8
{[%clk 0:21:16]} 26. Ne4 {[%clk 0:15:04]} Rd8 {[%clk 0:21:29]} 27. Nc3
{[%clk 0:12:46]} Rb8 {[%clk 0:13:36]} 28. Ne4 {[%clk 0:12:13]} Rd8
{[%clk 0:14:02]} 29. Nc3 {[%clk 0:12:20]} Rb8 {[%clk 0:13:56]} 30. Ne4
{[%clk 0:12:23]} Rd8 {[%clk 0:14:20]} 1/2-1/2